000 00922nam a2200229 a 4500
001 BRCA_840
005 20190320203155.0
008 020110s2001 at-a---##b---f000-0#eng-d
020 _a1875460136
040 _aeng
_cDLC
_dANL
050 4 _aNK7106
_b.G65 2001
245 1 0 _aGold and Civilization
_cwith contributions by Tom Stannage editor ... [et al.].
260 _aCanberra
_bNational Museum of Australia
_c2001
300 _a220 p.
_bil. a color
_c31 cm.
500 _aCatálogo de la exposición realizada en el National Museum of Australia (Canberra), 11 marzo - 24 junio, 2001 y en el Melbourne Museum, 19 julio - 21 octubre, 2001
504 _aBibliografía : p. 218-219
650 1 4 _aOrfebrería
_vExposiciones
_xHistoria
_92796
650 1 4 _aOro
_vExposiciones
_xHistoria
_ySiglo XIX
_zAustralia
_92797
650 1 4 _aArte australiano
_vExposiciones
_ySiglo XIX
_92798
700 1 _aStannage, Tom
_92799
942 _2lcc
_cB
999 _c735
_d735